Gares du Rhône - Statistiques

Statistiques générales
  • Ce quiz a été pris 160 fois
  • Le résultat moyen est 31 sur 61
Statistiques - réponses
Nombre de voyageurs Gares % Correct
7 637 077 Lyon Perrache
99%
40 088 689 Lyon Part Dieu
94%
2 622 739 Villefranche sur Saône
90%
911 030 Givors
86%
94 057 Givors Canal
86%
1 578 497 Lyon Jean Macé
86%
1 508 456 Lyon Saint Paul
83%
503 397 Saint Germain au Mont d'Or
83%
191 194 Vénissieux
82%
1 010 840 Lyon Vaise
80%
186 040 Oullins
75%
674 786 Lyon Gorge de Loup
74%
356 709 Albigny - Neuville
71%
117 300 Feyzin
69%
1 813 737 Lyon Saint Exupéry TGV
69%
91 800 Saint Fons
68%
253 775 Tassin
68%
122 821 Collonges - Fontaines
67%
732 605 L'Arbresle
67%
220 601 Saint Priest
67%
297 250 Sathonay - Rillieux
66%
1 084 012 Belleville sur Saône
64%
577 385 Tarare
64%
376 794 Lozanne
63%
486 744 Anse
60%
69 491 Couzon au Mont d'Or
59%
305 259 Brignais
58%
56 862 Pierre Bénite
54%
94 607 Quincieux
51%
19 697 Dardilly le Jubin
50%
20 221 Dardilly les Mouilles
50%
290 258 Sérézin
47%
219 253 Ecully la Demi Lune
45%
47 037 Irigny - Yvours
45%
91 018 Chaponost
44%
179 793 Sain Bel
44%
20 326 Pontcharra - Saint Forgeux
42%
38 747 Crépieux la Pape
41%
81 324 Francheville
41%
102 628 Vernaison
38%
247 616 Charbonnières les Bains
36%
17 570 Chazay - Marcilly
36%
46 652 Alaï
33%
126 070 Grigny le Sablon
33%
329 325 Amplepuis
32%
77 859 Saint Georges de Reneins
32%
20 079 Casino Lacroix Laval
31%
162 914 La Tour de Salvagny
31%
30 622 Lamure sur Azergues
28%
22 140 Saint Romain de Popey
28%
289 118 Lentilly
26%
223 242 Lentilly - Charpenay
26%
34 050 Bois d'Oingt - Légny
23%
27 545 Chessy
23%
2 570 Civrieux d'Azergues
23%
762 Les Flachères
21%
14 564 Chamelet
18%
19 166 Châtillon d'Azergues
16%
8 814 Dommartin - Lissieu
16%
130 034 Fleurieux sur l'Arbresle
14%
129 889 Le Méridien - La Ferrière
14%
Aucun quiz correspondant
Distribution des résultats
% des personnes avec chaque résultat
Percentile par nombre de réponses
Votre historique - résultats
Vous n’avez pas pris ce quiz